Statistiken für Top 15 Länder mit Covid-19-Todesfällen - 26. Januar 2022

Klicken Sie hier um das Quiz zu spielen!

Allgemein

  • Dieses Quiz wurde 18 mal gespielt
  • Das Durchschnittsergebnis liegt bei 17 aus 27

Antwortstatistiken

Land% Korrekt
Deutschland
94%
Italien
94%
Mexiko
94%
Vereinigte Staaten
94%
Brasilien
88%
Indien
88%
Vereinigtes Königreich
88%
Argentinien
82%
Russland
82%
Frankreich
76%
Iran
76%
Polen
71%
Peru
65%
Slowakei
65%
Kolumbien
59%
Slowenien
59%
Tschechien
59%
Kroatien
47%
Bosnien und Herzegowina
41%
Ungarn
41%
Litauen
35%
Rumänien
35%
Bulgarien
29%
Georgien
29%
Indonesien
29%
Armenien
24%
Nordmazedonien
18%

Verteilung der Resultate

Perzentil nach korrekt beantworteten Fragen

Anzahl Personen mit jedem Resultat

Ihre Resultats-Entwicklung

Sie haben dieses Quiz noch nicht gespielt